| Поле | Название | Значение |
| |
Тип записи |
a |
| |
Библиографический уровень |
c |
| 001 |
Контрольный номер |
SKBR/cbe477d9-ec04-49ce-9d5c-fe95e064c4a3 |
| 005 |
Дата корректировки |
20260601115408.3 |
| 010 |
Индекс ISBN |
__ |
| a |
ISBN |
978-5-00198-593-8 |
| b |
Уточнения |
в пер. |
| d |
Цена |
710-00 |
| 035 |
Другие системные номера |
__ |
| a |
Идентификатор записи |
RU\NLR\BIBL_A\022634690 |
| 100 |
Данные общей обработки |
__ |
| a |
Данные общей обработки |
20251002d2026 b y0rusa028902 ca |
| 101 |
Язык документа |
0_ |
| a |
Язык текста |
rus |
| 102 |
Страна публикации |
__ |
| a |
Страна публикации |
RU |
| 105 |
Кодированные данные (монография) |
__ |
| a |
Кодированные данные (монография) |
a z 000ay |
| 181 |
Поле кодированных данных: вид содержания |
_0 |
| a |
Код вида содержания (ISBD) |
i |
| 181 |
Поле кодированных данных: вид содержания |
_0 |
| a |
Код вида содержания (ISBD) |
b |
| 182 |
Поле кодированных данных: тип средства |
_0 |
| a |
Код типа средства (ISBD) |
n |
| 200 |
Заглавие и сведения об ответственности |
1_ |
| a |
Заглавие |
В снежном-снежном городе... |
| e |
Сведения, относящиеся к заглавию |
[для чтения взрослыми детям] |
| f |
Первые сведения об ответственности |
Светлана Самовичева |
| g |
Последующие сведения об ответственности |
художник Любовь Ерёмина-Ношин |
| 203 |
Вид содержания и тип средства |
__ |
| a |
Вид содержания |
Текст |
| a |
Вид содержания |
Изображение |
| b |
Характеристика содержания |
неподвижное |
| b |
Характеристика содержания |
двухмерное |
| c |
Тип средства |
непосредственные |
| 210 |
Выходные данные |
1_ |
| a |
Место издания |
Москва |
| c |
Издательство |
Энас-Книга |
| d |
Дата издания |
2026 |
| 215 |
Физическое описание |
__ |
| a |
Объем |
[33] с. |
| c |
Иллюстрации/тип воспроизводства |
цв. ил. |
| d |
Формат |
26 см |
| 225 |
Серия |
1_ |
| a |
Серия |
Стихотворная страна |
| 330 |
Аннотация |
__ |
| a |
Аннотация |
Зима – время волшебства! Снежинки кружатся в танце, мороз рисует узоры на окнах, а дети спешат на улицы, чтобы поиграть в снежки и слепить снеговика. В книге Светланы Самовичевой "В снежном-снежном городе..." собраны стихи, передающие всю прелесть зимних дней, – от звонкого смеха на ледяных горках до тихого очарования морозных вечеров. Трогательные стихи о зиме наполняют книгу теплом и радостью, а нежные иллюстрации Любови Ерёминой-Ношин делают её весёлой и уютной. |
| 333 |
Примечание о целевом назначении |
__ |
| a |
Примечание о целевом назначении |
0+ |
| 464 |
Аналитический уровень |
_0 |
| 1 |
|
2001 |
| a |
|
Зимний автобус |
| e |
|
стихотворение |
| 464 |
Аналитический уровень |
_0 |
| 1 |
|
2001 |
| a |
|
Папа детство вспоминает |
| e |
|
стихотворение |
| 464 |
Аналитический уровень |
_0 |
| 1 |
|
2001 |
| a |
|
Варежка |
| e |
|
стихотворение |
| 464 |
Аналитический уровень |
_0 |
| 1 |
|
2001 |
| a |
|
Снежок |
| e |
|
стихотворение |
| 464 |
Аналитический уровень |
_0 |
| 1 |
|
2001 |
| a |
|
Старенькая елочка |
| e |
|
стихотворение |
| 464 |
Аналитический уровень |
_0 |
| 1 |
|
2001 |
| a |
|
Мандаринки |
| e |
|
стихотворение |
| 464 |
Аналитический уровень |
_0 |
| 1 |
|
2001 |
| a |
|
Чирикают кусты |
| e |
|
стихотворение |
| 464 |
Аналитический уровень |
_0 |
| 1 |
|
2001 |
| a |
|
Булочка |
| e |
|
стихотворение |
| 464 |
Аналитический уровень |
_0 |
| 1 |
|
2001 |
| a |
|
Бульдожик |
| e |
|
стихотворение |
| 464 |
Аналитический уровень |
_0 |
| 1 |
|
2001 |
| a |
|
Кошачья бабушка |
| e |
|
стихотворение |
| 464 |
Аналитический уровень |
_0 |
| 1 |
|
2001 |
| a |
|
Нора |
| e |
|
стихотворение |
| 464 |
Аналитический уровень |
_0 |
| 1 |
|
2001 |
| a |
|
Валенки |
| e |
|
стихотворение |
| 464 |
Аналитический уровень |
_0 |
| 1 |
|
2001 |
| a |
|
Зима собирает вещички |
| e |
|
стихотворение |
| 606 |
Тематические рубрики |
__ |
| 2 |
Код системы |
nlr_sh |
| a |
Основная рубрика |
Художественная литература |
| 606 |
Тематические рубрики |
__ |
| 2 |
Код системы |
nlr_sh |
| a |
Основная рубрика |
Современная русская литература (произведения) |
| 610 |
Ключевые слова |
0_ |
| a |
Ключевые слова |
детская литература |
| 610 |
Ключевые слова |
0_ |
| a |
Ключевые слова |
русская литература |
| 610 |
Ключевые слова |
0_ |
| a |
Ключевые слова |
стихи |
| 610 |
Ключевые слова |
0_ |
| a |
Ключевые слова |
стихи для детей |
| 610 |
Ключевые слова |
0_ |
| a |
Ключевые слова |
стихотворения |
| 610 |
Ключевые слова |
0_ |
| a |
Ключевые слова |
тема зимы |
| 610 |
Ключевые слова |
0_ |
| a |
Ключевые слова |
зима |
| 610 |
Ключевые слова |
0_ |
| a |
Ключевые слова |
времена года |
| 610 |
Ключевые слова |
0_ |
| a |
Ключевые слова |
тема Нового года |
| 610 |
Ключевые слова |
0_ |
| a |
Ключевые слова |
стихи о детях |
| 610 |
Ключевые слова |
0_ |
| a |
Ключевые слова |
дошкольники |
| 610 |
Ключевые слова |
0_ |
| a |
Ключевые слова |
первое чтение |
| 686 |
Индексы других классификаций |
__ |
| a |
Классификационный индекс |
Д |
| 2 |
Код системы |
rubbks |
| 700 |
Автор |
_1 |
| a |
Фамилия |
Самовичева |
| b |
Имя |
С. Ю. |
| g |
Полное личное имя |
Светлана Юрьевна |
| 4 |
Код отношения |
070 |
| 702 |
Вторичная интеллектуальная ответственность |
_1 |
| a |
Фамилия |
Еремина-Ношин |
| b |
Имя |
Л. В. |
| f |
Даты |
1980- |
| g |
Полное личное имя |
Любовь Владимировна |
| 4 |
Код отношения |
440 |
| 801 |
Источник записи |
_0 |
| a |
Страна |
RU |
| b |
Организация |
NLR |
| c |
Дата составления |
20251002 |
| g |
Правила каталогизации |
PSBO |
| 801 |
Источник записи |
_1 |
| a |
Страна |
RU |
| b |
Организация |
NLR |
| c |
Дата составления |
20251002 |
| g |
Правила каталогизации |
PSBO |
| 801 |
Источник записи |
_2 |
| a |
Страна |
RU |
| b |
Организация |
NLR |
| c |
Дата составления |
20251101 |
| 2 |
Код формата |
rusmarc |
| g |
Правила каталогизации |
PSBO |
| 852 |
Данные о местонахождении |
__ |
| i |
Авторский знак |
С 17 |
| j |
Шифр хранения |
Д |
| 900 |
Макрообъекты |
__ |
| a |
Макрообъекты |
В снежном-снежном городе...Самовичева, С. Ю., 2026 |
| 901 |
Тип документа |
__ |
| a |
Ответственный |
ООФиК/Волкова |
| t |
Тип документа |
x |
| 901 |
Тип документа |
__ |
| a |
Ответственный |
6 партия |
| 903 |
Характеристики (МАРС) |
__ |
| a |
Дата передачи |
20260529 |
| c |
Наименование библиотеки (МАРС) |
Муниципальное бюджетное учреждение культуры "Централизованная библиотечная система" г. Сургут (Центральная городская библиотека им. А. С. Пушкина) |
| 969 |
Тип издания |
__ |
| a |
Тип издания |
брошюра |
| a |
Тип издания |
издание для детей |
| a |
Тип издания |
Ф 26 |
| 990 |
Данные о заказе (DOS) |
__ |
| j |
Количество экземпляров (DOS) |
5 |
| t |
N записи в КСУ для И/У (DOS) |
202606 |